LDR 00638naa#a2200169#i#450# 001 EN\FGKOU VO SPBU MVD ROSSII\bibl\106148 005 20260429053632.3 011 ## _a2713-0622 100 ## _a20260428b2026####ek#y0engy0150####ca 102 ## _aRU 200 1# _aSocially perceptive images of law enforcement officers with different service experience _eJournal article 210 1# _aSt. Petersburg _cSAINT-PETERSBURG UNIVERSITY OF THE MINISTRY OF INTERNAL AFFAIRS OF THE RUSSIAN FEDERATION _d2026 215 ## _a16 с. 608 ## _aJournal article _2local 675 ## _aПсихология. 159.9 _z 700 #1 _aAndreeva _gMariya Il'inichna 856 4# _avestnikspbmvd.ru _u